| 000 | 00674nam a2200217Ii 4500 | ||
|---|---|---|---|
| 003 | JO-AjNU | ||
| 008 | 230605s9999||||xx |||||||||||||| ||und|| | ||
| 017 | _a1984/1331 | ||
| 040 |
_aJO-AjNU _bara _erda _cJO-AjNU |
||
| 041 | _aara | ||
| 050 | 1 | 4 | _aBP165.5 1984 |
| 100 | 3 |
_aالسعدي، عبد العليم عبد الرحمن, _eauthor _939251 |
|
| 245 | 0 | 0 | _aعقيدتك أيها المسلم |
| 250 | _aط4 | ||
| 264 | 3 | 1 | _aالعراق: المؤلف، 1984 |
| 300 | _a164ص | ||
| 336 |
_atext _btxt _2rdacontent |
||
| 337 |
_aunmediated _bn _2rdamedia |
||
| 338 |
_avolume _bnc _2rdacarrier |
||
| 650 | 4 |
_aالعقيدة الاسلامية- الاسلام _939252 |
|
| 999 |
_aA16562 _c20130 _d20130 |
||